Jean Paul Im Spiegel Seiner Heimat : Festgabe Zum 100. Todestag des Dichters.

Bibliographic Details
Main Author: Herold, Eduard.
Format: eBook
Language:German
Published: Berlin/München/Boston : Walter de Gruyter GmbH, 1925.
Edition:1st ed.
Subjects:
Online Access:Click to View
LEADER 01427nam a22003373i 4500
001 EBC7015142
003 MiAaPQ
005 20240729202203.0
006 m o d |
007 cr cnu||||||||
008 240729s1925 xx o ||||0 ger d
020 |a 9783486750836  |q (electronic bk.) 
035 |a (MiAaPQ)EBC7015142 
035 |a (Au-PeEL)EBL7015142 
035 |a (OCoLC)1330934798 
040 |a MiAaPQ  |b eng  |e rda  |e pn  |c MiAaPQ  |d MiAaPQ 
100 1 |a Herold, Eduard. 
245 1 0 |a Jean Paul Im Spiegel Seiner Heimat :  |b Festgabe Zum 100. Todestag des Dichters. 
250 |a 1st ed. 
264 1 |a Berlin/München/Boston :  |b Walter de Gruyter GmbH,  |c 1925. 
264 4 |c {copy}1924. 
300 |a 1 online resource (100 pages) 
336 |a text  |b txt  |2 rdacontent 
337 |a computer  |b c  |2 rdamedia 
338 |a online resource  |b cr  |2 rdacarrier 
588 |a Description based on publisher supplied metadata and other sources. 
590 |a Electronic reproduction. Ann Arbor, Michigan : ProQuest Ebook Central, 2024. Available via World Wide Web. Access may be limited to ProQuest Ebook Central affiliated libraries.  
655 4 |a Electronic books. 
776 0 8 |i Print version:  |a Herold, Eduard  |t Jean Paul Im Spiegel Seiner Heimat  |d Berlin/München/Boston : Walter de Gruyter GmbH,c1925 
797 2 |a ProQuest (Firm) 
856 4 0 |u https://ebookcentral.proquest.com/lib/matrademy/detail.action?docID=7015142  |z Click to View